राजस्थान में सामाजिक न्याय (Record no. 18882)
[ view plain ]
| 000 -LEADER | |
|---|---|
| fixed length control field | 00541nam a2200133Ia 4500 |
| 082 ## - DEWEY DECIMAL CLASSIFICATION NUMBER | |
| Classification number | RB.0243 |
| 100 ## - MAIN ENTRY--AUTHOR NAME | |
| Personal name | Bhargav, Prabha |
| Affiliation | Rajkiya dungour Mahavidalya |
| 245 #0 - TITLE STATEMENT | |
| Title | राजस्थान में सामाजिक न्याय |
| Sub Title | : लोकहितवाद का अध्ययन 2003-2005 |
| 246 ## - VARYING FORM OF TITLE | |
| Title proper/short title | Rajasthan mein samajik nyaya: lokhitvad ka adhyayan 2003-2005 |
| 260 ## - PUBLICATION, DISTRIBUTION, ETC. (IMPRINT) | |
| Year of publication | 2003 |
| Name of publisher/Sponsor | Indian Council of Social Science Research |
| Place of publication | New Delhi |
| 300 ## - PHYSICAL DESCRIPTION | |
| Number of Pages | 88 |
| 650 ## - SUBJECT ADDED ENTRY--TOPICAL TERM | |
| Topical Term | Social justice |
| Geographic subdivision | Rajasthan |
| 942 ## - ADDED ENTRY ELEMENTS (KOHA) | |
| Koha item type | Research Reports |
| Source of classification or shelving scheme | Dewey Decimal Classification |
| Withdrawn status | Lost status | Damaged status | Not for loan | Collection code | Home library | Current library | Date acquired | Source of acquisition | Bill Date | Full call number | Accession Number | Price effective from | Koha item type |
|---|---|---|---|---|---|---|---|---|---|---|---|---|---|
| Not For Loan | ICSSR Research Project Reports | NASSDOC Library | NASSDOC Library | 13/10/2008 | Gifted by : R P Division, ICSSR | 2008-09-10 | RB.0243 | 44656 | 18/04/2019 | Research Reports |
